| 000 | 01550cam a2200337 4500 | ||
|---|---|---|---|
| 001 | ##E133121 | ||
| 008 | #DATE n2006 000 0 eng u | ||
| 020 | _a1842192329 | ||
| 020 | _a9781842192329 | ||
| 035 | _a(Sirsi) u133121 | ||
| 041 | 0 | _aeng | |
| 050 | 0 | 4 | _a333.332 $2 18 |
| 110 | 2 |
_aRoyal Institution of Chartered Surveyors _bValuation Faculty _94354 |
|
| 245 | 0 | 4 | _aThe analysis of commercial lease transactions |
| 260 |
_aLondon _bRICS _c2006 |
||
| 300 |
_aiv, 24p. _c30cm. |
||
| 350 | _a20 | ||
| 490 | 0 | _aRICS Information Paper | |
| 490 | 0 |
_aRICS Valuation Information Paper _v(08) |
|
| 520 | _aAims to assist valuers to establish rental value. Evidence of new lettings will generally carry more weight than rents agreed or determined on review. However, new lettings frequently include rent-free periods or other forms of incentive. Explores some of the factors that the valuer may need to consider in assessing the impact of such incentives on the rent agreed and its analysis. | ||
| 520 | _aEffective from 1 April 2006 to February 2012.Incorporated into the Red Book in 2011 | ||
| 590 | _aIKA250406 | ||
| 650 | 2 | 4 | _aCOMMERCIAL PROPERTY |
| 650 | 2 | 4 | _aLEASES |
| 650 | 2 | 4 | _aRICS appraisal and valuation standards |
| 651 | 4 | _aInternational | |
| 690 |
_aValuation _96273 |
||
| 710 | 2 |
_aRoyal Institution of Chartered Surveyors _94900 |
|
| 856 | 4 | 1 |
_uhttps://www.isurv.com/downloads/download/214/vip_08_the_analysis_of_commercial_lease_transactions_archived _zArchived on isurv (subscription required) |
| 942 |
_n0 _2ddc |
||
| 999 |
_c105334 _d105334 |
||